Business Organization and Mangement/ (Record no. 212766)

MARC details
000 -LEADER
fixed length control field 00598nam a22002057a 4500
005 - DATE AND TIME OF LATEST TRANSACTION
control field 20250731123736.0
010 ## - LCCN (DPL NO)
LC control number ENG-146251
020 ## - INTERNATIONAL STANDARD BOOK NUMBER
Terms of availability 250.00
International Standard Book Number 9789392151187
035 ## - SYSTEM CONTROL NUMBER
System control number EN-129783
037 ## - SOURCE OF ACQUISITION
Source of stock number/acquisition DBAD
082 ## - DEWEY DECIMAL CLASSIFICATION NUMBER
Classification number 658
Edition number 1
100 ## - MAIN ENTRY--PERSONAL NAME
Personal name Banumathy, K.
245 ## - TITLE STATEMENT
Title Business Organization and Mangement/
Statement of responsibility, etc K. Banumathy,
250 ## - EDITION STATEMENT
Edition statement 1
260 ## - PUBLICATION, DISTRIBUTION, ETC. (IMPRINT)
Place of publication, distribution, etc Tamil Nadu
Name of publisher, distributor, etc First Book Publishing
Date of publication, distribution, etc 2025
270 ## - ADDRESS
City Tamil Nadu
Address 61, 66 T. P. K. Main Road, Vasantha Nagar, Madurai,
Postal code 625003
300 ## - PHYSICAL DESCRIPTION
Extent 152p.
Dimensions 22cm(pb)
760 ## - MAIN SERIES ENTRY
Edition First
942 ## - ADDED ENTRY ELEMENTS (KOHA)
Source of classification or shelving scheme Dewey Decimal Classification
Item type English Books
Classification part 658
Call number suffix BAN
Holdings
Withdrawn status Lost status Not for loan Collection code Home library Current library Date acquired Source of acquisition Cost, normal purchase price Full call number Barcode Copy number Cost, replacement price Koha item type
    Not For Loan Non-fiction Bawana Bawana 31/07/2025 Delivery of Books Act Division 250.00 658 BAN EN-129783 1 250.00 English Books

© Delhi Public Library
Hit Counter
free hit counter